00741 2200265 4500001002100000005001700021008004100038020001800079035002400097082001300121090002000134100002600154245010200180250001100282260003100293300001900324500003100343650002400374850001500398980001300413985000600426986001300432999001500445999001500460YOGYA-0209000001620020090227022620.0 ind  a979-526-035-9 0010-020900000016200 a351.0072 a351.0072bAbd A aABSUL WAHAB, Solikhin aAnalisis Kebijaksanaanbdari formulasi ke implementasi kebijaksanaan negaracSolikhin Abdul Wahab aCet. 1 aJakartabBumi aksarac1991 a109 hlmc21 cm aBibliografi : hlm. 107-109 aKebijaksanaan, ilmu aYOPDYOG(B) a06-10-05 a2 aPKLrtrev a97P0049935 a97P0092703